01254nam a22002897a 4500003000400000005001700004008004100021040002200062082001800084100002500102245003000127260006000157300002100217366000800238490002700246505008200273505022000355505001200575650005500587650004700642650004800689650004300737650004500780650005600825650004700881700003600928OSt20230616070129.0221006b |||||||| |||| 00| 0 eng d cBiblioteca Lado V a709.05bG851a aGriffin, Timeeditor aArtforum/bInternacional/ aNew Yorkc2004bNew York editorial and business offices c26.5x27cma324p. espa aAbrilv2001x0864-1315 tCOLUMNSaFirst Break Books News Desing Theater Hotlist Curator Top Ten tFeaturesaUp the Organization: Atelier van Lieshout A Thousand Words: Keith Tyson TV Guide: Wolf Vostell Reconsidered Rineke Dijkstra: Portafolio Color Commentary: The Art of Spencer Finch Openings: John Pilson tReviews 2Tesauro de Arte & ArquitecturaaARTE COMTEMPORANEO 2Tesauro de Arte & ArquitecturaaFOTOGRAFIA 2Tesauro de Arte & ArquitecturaaARTE VISUAL 2Tesauro de Arte & ArquitecturaaLIBROS 2Tesauro de Arte & ArquitecturaaNOTICIAS 2 Tesauro de Arte & ArquitecturaaARTE INTERNACIONAL 2 Tesauro de Arte & ArquitecturaaESCULTURA aNavarreta, Jose Antonioeeditor